000 01073nam a22002777a 4500
001 5133
003 FISKH
005 20241107114802.0
008 241107b cb ||||| |||| 00| 0 eng d
020 _a9781407106120
040 _aFISKH
_beng
_cFISKH
_dFISKH
082 _a612
100 _aArnold, Nick
245 _aThe Body Owner's Handbook /
_cby Nick Arnold : illustrated by Tony De Saulles
260 _aNew York :
_bScholastic ;
_c2009 .
300 _a175 pages :
_billustrations ;
_c21 cm .
490 _aHorrible Science
505 _aZ
520 _aFans of 'Horrible Science' will enjoy discovering how their auto-repair function works and where their top-of-the-range sensory equipment is in the guide that nobody can do without. With a new cover look and extra horrible bits at the back of the book, this title is sure to reach a new generation of readers.
521 8 _a1000
_bLexile
521 8 _aZ
_bRaz-Plus
650 _aanatomy
_vnon-fiction
700 _aSaulles, Tony De
_eillustrator
942 _2ddc
_cBK
_n0
999 _c5133
_d5133